000 00715nam a2200289Ia 4500
005 20260324125456.0
008 008 260324s9999 xx 000 0 eng d
020 _a9781351193993
037 _aEBOOK
040 _aCRL
040 _beng
040 _cCRL
041 _2eng
041 _aeng
084 _qCRL
100 _aS. S. Prawer
_91178122
245 2 _aA Cultural Citizen of the World
245 0 _bSigmund Freud's Knowledge and Use of British and American Writings
260 _bTaylor and Francis
260 _c2009
365 _a
365 _b145
856 _uhttp://www.taylorfrancis.com/books/9781351193993
942 _cEBOOK
999 _c1773419
_d1773419